Introduction to financial accounting /

The Accounting Process. Accounting for Major Business transactions. Reporting and Evaluating financial Results. Appendixes...

Kaydedildi:
Detaylı Bibliyografya
Yazar: Danos, Paul.
Diğer Yazarlar: Imhoff, Eugene A.
Materyal Türü: Kitap
Dil:English
Baskı/Yayın Bilgisi: USA : Irwin, 1992.
Konular:
Etiketler: Etiketle
Etiket eklenmemiş, İlk siz ekleyin!
Thư viện lưu trữ: Mạng thư viện Đại học Đà Nẵng
LEADER 00968cam a2200349 i 4500
001 000042804
003 679
005 20041027135013.0
008 010217b1992 vm 000 eng
020 |a 0256061874 
022 |a T 
040 |a IRC  |c IRC  |d IRC 
041 0 |a eng 
082 1 4 |a 657.3  |b DA-P 
100 1 |a Danos, Paul. 
245 1 0 |a Introduction to financial accounting /  |c Paul Danos, Eugene A. Imhoff, Jr. 
260 |a USA :  |b Irwin,  |c 1992. 
300 |a 1008 p. ;  |c 27 cm. 
520 3 |a The Accounting Process. Accounting for Major Business transactions. Reporting and Evaluating financial Results. Appendixes... 
630 0 4 |a Accounting. 
650 0 4 |a Financial accounting. 
700 1 |a Imhoff, Eugene A. 
OWN |a DUT 
999 |a From the UDN01 
TYP |a Monograph 
TYP |a Printed language 
980 |a Mạng thư viện Đại học Đà Nẵng